Welcome to WEB OPAC of MRSPTU Central Library

Maintenance and spare parts management (Record no. 4231)

MARC details
000 -LEADER
fixed length control field 00416nam a2200157Ia 4500
008 - FIXED-LENGTH DATA ELEMENTS--GENERAL INFORMATION
fixed length control field 230711s9999||||xx |||||||||||||| ||und||
041 ## - LANGUAGE CODE
Language code of text/sound track or separate title ENG
082 ## - DEWEY DECIMAL CLASSIFICATION NUMBER
Classification number 658
Item number GO-M
100 ## - MAIN ENTRY--PERSONAL NAME
Personal name Gopalakrishnan,P
245 #0 - TITLE STATEMENT
Title Maintenance and spare parts management
250 ## - EDITION STATEMENT
Edition statement 1st . Ed.
260 ## - PUBLICATION, DISTRIBUTION, ETC.
Date of publication, distribution, etc. 2002
Place of publication, distribution, etc. New Delhi
Name of publisher, distributor, etc. PHI Learning Private Limited
650 ## - SUBJECT ADDED ENTRY--TOPICAL TERM
Topical term or geographic name entry element Mechanical Engineering
700 ## - ADDED ENTRY--PERSONAL NAME
Personal name Banerji,A. K.
942 ## - ADDED ENTRY ELEMENTS (KOHA)
Koha item type Book
Holdings
Withdrawn status Lost status Damaged status Not for loan Collection Home library Current library Date acquired Total checkouts Full call number Barcode Date last seen Price effective from Koha item type
          MRSPTU Central Library MRSPTU Central Library     658 GO-M 14289 08/17/2023 08/17/2023 Book
          MRSPTU Central Library MRSPTU Central Library     658 GO-M 14290 08/17/2023 08/17/2023 Book
          MRSPTU Central Library MRSPTU Central Library     658 GO-M 14291 08/17/2023 08/17/2023 Book
          MRSPTU Central Library MRSPTU Central Library     658 GO-M 14292 08/17/2023 08/17/2023 Book
          MRSPTU Central Library MRSPTU Central Library     658 GO-M 14293 08/17/2023 08/17/2023 Book

Website Designed and Developed by MRSPTU Central Library Team

E-mail Id: librarian@mrsptu.ac.in